पारिभाषिक कला-कोश (Record no. 7965)

MARC details
000 -LEADER
fixed length control field 00544 a2200169 4500
001 - CONTROL NUMBER
control field 134348
003 - CONTROL NUMBER IDENTIFIER
control field OSt
005 - DATE AND TIME OF LATEST TRANSACTION
control field 20210921124823.0
008 - FIXED-LENGTH DATA ELEMENTS--GENERAL INFORMATION
fixed length control field
082 ## - DEWEY DECIMAL CLASSIFICATION NUMBER
Classification number 703
Item number B32P
100 1# - MAIN ENTRY--PERSONAL NAME
Personal name बाधम , रूपनारायण
245 1# - TITLE STATEMENT
Title पारिभाषिक कला-कोश
Statement of responsibility, etc by रूपनारायण बाधम
260 ## - PUBLICATION, DISTRIBUTION, ETC. (IMPRINT)
Place of publication, distribution, etc नई दिल्ली
Name of publisher, distributor, etc वाणी प्रकाशन
Date of publication, distribution, etc 2002
300 ## - PHYSICAL DESCRIPTION
Extent 252p.
690 ## - LOCAL SUBJECT ADDED ENTRY--TOPICAL TERM (OCLC, RLIN)
Topical term or geographic name as entry element कला - शब्दकोश
942 ## - ADDED ENTRY ELEMENTS (KOHA)
Source of classification or shelving scheme Dewey Decimal Classification
Koha item type Books
Holdings
Withdrawn status Lost status Source of classification or shelving scheme Damaged status Not for loan Collection code Home library Current library Date acquired Source of acquisition Cost, normal purchase price Full call number Barcode Date last seen Price effective from Koha item type
    Dewey Decimal Classification     General Text Book Central University Of Rajasthan Central University Of Rajasthan 09/10/2012 HND 175.00 703 B32P 8078 21/11/2024 02/09/2020 Books